| 000 | 00383nam a2200145Ia 4500 | ||
|---|---|---|---|
| 008 | 150201s2004 xx 000 0 und d | ||
| 082 |
_a617.6 _bC2004W |
||
| 100 | _aWILKINS,ESTHER | ||
| 245 | _aCLINICAL PRACTICE OF THE DENTAL HYGIENIST | ||
| 250 | _a9TH | ||
| 260 |
_bLIPPINCOTT PUBLICATION _aPHILADELPHIA _c2004 |
||
| 300 | _a1-1190 | ||
| 650 | _aPERIODONTICS | ||
| 942 |
_2ddc _cBK _01 |
||
| 999 |
_c4184 _d4184 |
||